[Event "Marienbad GM-I 2022"]
[Site "Marianske Lazne"]
[Date "2022.01.15"]
[Round "1.2"]
[White "Baenziger, Fabian"]
[Black "Mirzoev, Azer"]
[Result "1/2-1/2"]
[WhiteElo "2409"]
[BlackElo "2420"]
[Annotator "TA"]
[PlyCount "59"]
[EventDate "2022.01.15"]
[EventType "tourn"]
[EventCountry "CZE"]
[SourceTitle "playchess.com"]
[Source "ChessBase"]
[SourceQuality "1"]

{[%evp 16,59,11,24,24,-3,38,37,41,32,45,38,64,56,56,50,41,40,39,41,43,42,43,41,33,30,38,35,43,19,21,29,26,16,22,5,7,7,7,15,10,0,7,0,12,0]} 1. d4 d5 2. c4 e6 3. Nf3 Nf6 4. Nc3 Be7 5. Bg5 h6 6. Bh4 O-O 7. e3 Nbd7 8. Qc2 dxc4 9. Bxc4 a6 {D61: Queen's Gambit Declined: Classical: 7 Qc2.} 10. O-O c5 (10... b5 $11 {is more appropriate.} 11. Bd3 Bb7) 11. dxc5 $14 Nxc5 {White is slightly better.} 12. Rfd1 Qe8 13. Be2 {[#]} Bd7 $146 ({Predecessor:} 13... b6 14. b4 Ncd7 15. Nd4 Bb7 16. Qb2 Rc8 17. b5 a5 18. Na4 Nd5 19. Bxe7 Qxe7 {0-1 (46) Dubov,D (2699)-Nakamura,H (2736) chess24.com INT 2020}) 14. Ne5 {White is more active.} Bc6 15. Nxc6 (15. Rd4 {is more complex.} Rc8 16. Rad1 Be4 17. Nxe4 Ncxe4 18. Qd3) 15... Qxc6 16. Bf3 Qb6 17. Rab1 {Hoping for b4.} a5 18. Rd4 Rfd8 19. Rbd1 Rac8 20. Qe2 Kf8 21. Bg3 Ne8 22. Nb5 Bf6 23. Rxd8 Rxd8 24. Rxd8 Qxd8 {The position is equal.} 25. Qc2 b6 26. Be2 Bh4 27. Be5 Bf6 28. Bg3 Bh4 29. Be5 Bf6 30. Bg3 {Weighted Error Value: White=0.05 (flawless) /Black=0.04 (flawless)} 1/2-1/2

[Event "Marienbad GM-I 2022"]
[Site "Marianske Lazne"]
[Date "2022.01.15"]
[Round "1.3"]
[White "Simacek, Pavel"]
[Black "Nemec, Jachym"]
[Result "1/2-1/2"]
[WhiteElo "2448"]
[BlackElo "2402"]
[Annotator "TA"]
[PlyCount "62"]
[EventDate "2022.01.15"]
[EventType "tourn"]
[EventCountry "CZE"]
[SourceTitle "playchess.com"]
[Source "ChessBase"]
[SourceQuality "1"]

{[%evp 22,62,22,8,19,0,12,7,20,15,29,1,5,7,35,21,41,40,63,42,45,22,26,0,0,-112,255,121,266,69,174,16,16,20,10,0,0,0,0,0,0,0,0]} 1. d4 Nf6 2. c4 c6 3. Nc3 d5 4. cxd5 cxd5 5. Bf4 a6 6. e3 Nc6 7. Bd3 Bg4 8. Nge2 Bxe2 9. Qxe2 e6 10. O-O Bd6 11. Bxd6 Qxd6 12. Rac1 O-O {D10: Slav Defence: 3 cxd5 (without early Nf3) and 3 Nc3.} 13. f4 {[#]} g6 $146 ({Predecessor:} 13... b5 14. a4 b4 15. Nb1 Na5 16. Nd2 Nd7 17. Nf3 g6 18. Ne5 f6 19. Nxd7 Qxd7 20. Bxa6 {1-0 (70) Davtyan,A (1928)-Kumar,A (2152) Durban 2014}) 14. g4 {[%cal Bg2g4,Bg4g5][%mdl 32]} b5 15. g5 Nh5 16. Qg2 {[%cal Oc3e4]} Rac8 17. a4 b4 18. Nd1 {[%cal Bc3d1,Bd1f2,Bf2g4][%mdl 32]} (18. Nb1 $5 {[%cal Rd3a6]}) 18... Na5 19. Nf2 Rc6 20. Ng4 Rfc8 21. Rce1 Nc4 22. f5 exf5 23. Bxf5 (23. Nh6+ $11 Kf8 24. Bxf5 gxf5 25. Rxf5) 23... R8c7 $2 {[%mdl 8192]} (23... gxf5 $17 24. Nf6+ Nxf6 25. gxf6+ Kf8 26. Rxf5 Nb6 27. Qg7+ Ke8 28. Re5+ Kd8 29. Qxf7 (29. Re7 $2 Nd7 $17) 29... Qd7 30. Qg8+ (30. Re7 Qg4+ 31. Kh1 Nd7 $17) 30... Kc7) 24. Bd3 (24. Nh6+ $1 $18 {is the precise move to win.} Kg7 25. b3 $1) 24... b3 {[#]} (24... Kg7 $16 {is a better defense.}) 25. Rf3 $2 (25. e4 $1 $18 {[%cal Re4d5]} Nf4 26. Qg3) 25... Qe6 {[#]} ({Better is} 25... Kg7 $1 $14) 26. Ref1 $2 (26. e4 $1 $18) 26... Nd6 $11 {The position is equal.} 27. Ne5 Rc1 28. Qd2 ({Much weaker is} 28. Bxa6 R1c2 29. Qg4 (29. R3f2 $2 Nf5 $17) 29... Qxg4+ 30. Nxg4 Rxb2 $17) 28... Rxf1+ 29. Rxf1 Qh3 30. Qf2 ({But not} 30. Bxa6 $2 Rc2 31. Rf3 Qh4 $19) 30... a5 31. Qf3 Qe6 {Weighted Error Value: White=0.52/Black=0.44} 1/2-1/2

[Event "Marienbad GM-I 2022"]
[Site "Marianske Lazne"]
[Date "2022.01.15"]
[Round "1.4"]
[White "Czerw, Dawid"]
[Black "Plat, Vojtech"]
[Result "0-1"]
[WhiteElo "2396"]
[BlackElo "2546"]
[Annotator "TA"]
[PlyCount "110"]
[EventDate "2022.01.15"]
[EventType "tourn"]
[EventCountry "CZE"]
[SourceTitle "playchess.com"]
[Source "ChessBase"]
[SourceQuality "1"]

{[%evp 15,110,12,25,0,1,0,13,12,7,10,8,-27,-28,-28,-28,-27,-18,-62,-60,-57,-50,-57,-42,-41,-53,-39,-45,-42,-34,-45,-39,-48,-25,-24,-21,-52,-13,-22,-14,-11,-8,-12,0,0,0,0,0,0,0,0,0,0,0,0,2,8,2,3,8,0,0,-5,0,-8,-6,-8,-8,-35,-35,-60,-66,-587,-36,-36,0,-8,0,0,0,-8,-8,-29975,-29976,-29973,-29977,-29977,-29978,-29979,-29980,-29979,-29981,-29983,-45,-29984,-29985,-29986,-29987]} 1. d4 g6 2. Nf3 Bg7 3. c4 Nf6 4. g3 d5 5. cxd5 Nxd5 6. Bg2 Nb6 7. O-O {[%cal Bh1f1,Bf1d1,Bd1d2][%mdl 32]} Nc6 8. e3 e5 9. dxe5 {D71: Fianchetto Grünfeld: 3 g3 d5 sidelines and 5 cxd5 (without Nf3).} Qxd1 10. Rxd1 Nxe5 11. Nxe5 {The position is equal.} Bxe5 12. Nc3 c6 {[#]} 13. Bd2 $146 ({Predecessor:} 13. e4 Bg7 14. a4 a5 15. Be3 Nc4 16. Bd4 O-O 17. Bxg7 Kxg7 18. Rd4 Ne5 19. f4 {0-1 (64) Arun Prasad,S (2489)-Zakhartsov,V (2578) Pardubice 2011}) 13... Nc4 14. Bf1 Nxd2 ({But not} 14... Nxb2 15. Rdb1 $16) 15. Rxd2 Ke7 16. Bc4 (16. f4 $11 {feels stronger.} Bc7 17. Ne2) 16... Bg4 $15 17. Kf1 Rhd8 18. Ke1 b5 19. Be2 Rxd2 20. Kxd2 Rd8+ 21. Ke1 $1 Be6 22. Rc1 f5 23. Bf3 Rd6 24. b3 a5 25. Ne2 Kd7 26. Nd4 Bxd4 27. exd4 $11 {[%mdl 4096] Endgame KRB-KRB} a4 28. bxa4 bxa4 29. a3 Rxd4 {[%cal Oc6c5]} 30. Bxc6+ Kd6 31. Bb5 Bb3 32. Ke2 f4 33. Rc6+ Ke5 34. Rc5+ Kf6 35. Bd3 Be6 36. f3 h5 {[%cal Bh7h5,Bh5h4][%mdl 32]} 37. Bc2 g5 38. gxf4 Rxf4 39. Ra5 Rh4 40. Bxa4 Rxh2+ 41. Kf1 h4 42. Kg1 Rd2 {Hoping for ...Bd5.} 43. Be8 $2 {[%mdl 8192]} (43. Bc6 $15) 43... Bd5 $2 (43... Rd1+ $1 $19 44. Kh2 g4 45. fxg4 Bd5 46. Rxd5 Rxd5) 44. Bh5 $15 h3 45. Bg4 Ke5 {Strongly threatening ...h2+.} 46. Bxh3 Kf4 47. Bg4 Bc4 {( -> ...Kg3)} (47... Kg3 $5 48. Kf1 Bxf3 49. Bxf3 Kxf3 50. Rf5+ Kg4 $11) 48. Bh5 $2 {[%mdl 8192]} (48. Bh3 $11) 48... g4 $1 49. Bxg4 Kg3 {[%cal Rd2d1]} 50. f4 Kxg4 51. Rg5+ Kf3 52. f5 {[#]} Bd5 $1 53. f6 Rd1+ 54. Kh2 {[%cal Of6f7]} Kf2 {[%csl Gd5][%cal Rd1h1]} 55. Kh3 {[#]} Bf3 $1 {Weighted Error Value: White=0.30/Black=0.23 (precise)} 0-1

[Event "Marienbad GM-I 2022"]
[Site "Marianske Lazne"]
[Date "2022.01.15"]
[Round "1.5"]
[White "Gungl, Theo"]
[Black "Lim, Zhuo Ren"]
[Result "1/2-1/2"]
[WhiteElo "2368"]
[BlackElo "2311"]
[Annotator "ChessBase"]
[PlyCount "79"]
[EventDate "2022.01.15"]
[EventType "tourn"]
[EventCountry "CZE"]
[SourceTitle "playchess.com"]
[Source "ChessBase"]
[SourceQuality "1"]
[TimeControl "40/5400+30:1800+30"]

1. d4 Nf6 2. c4 e6 3. Nc3 Bb4 4. e3 O-O 5. Bd2 d5 6. Nf3 b6 7. cxd5 exd5 8. Bd3 Bd6 9. h3 Re8 10. O-O Bb7 11. Qb1 Nbd7 12. b4 Ne4 13. b5 h5 14. Ne2 a5 15. bxa6 Nxd2 16. Nxd2 Bxa6 17. a4 Nf6 18. Nc3 c6 19. Rc1 Bc7 20. Nf1 Bxd3 21. Qxd3 Qd6 22. Qc2 Re6 23. Ne2 Qd7 24. Nd2 Ne4 25. Nxe4 dxe4 26. Nc3 Rae8 27. Kf1 f5 28. Qb3 Kh7 29. d5 Rg6 30. Rd1 Be5 31. Rac1 Bxc3 32. Rxc3 Rd8 33. Qxb6 cxd5 34. Qb5 Qd6 35. Kg1 Qf6 36. Rc5 Qg5 37. Qf1 Rgd6 38. Qb5 Rg6 39. Qf1 Rgd6 40. Qb5 1/2-1/2

[Event "Marienbad GM-I 2022"]
[Site "Marianske Lazne"]
[Date "2022.01.15"]
[Round "1.6"]
[White "Wachinger, Nikolas"]
[Black "Lalith Babu M R"]
[Result "*"]
[WhiteElo "2360"]
[BlackElo "2553"]
[Annotator "TA"]
[PlyCount "72"]
[EventDate "2022.01.15"]
[EventType "tourn"]
[EventCountry "CZE"]
[SourceTitle "playchess.com"]
[Source "ChessBase"]
[SourceQuality "1"]

{[%evp 9,72,4,19,7,17,20,15,0,0,-14,-2,0,13,9,64,8,11,9,31,20,54,51,37,18,37,17,47,54,50,22,68,0,5,7,0,5,35,0,0,0,27,22,26,0,0,0,0,0,8,0,0,0,0,0,0,0,35,20,40,0,0,0,0,0,0]} 1. e4 c6 2. Nf3 d5 3. Nc3 Nf6 4. e5 Ne4 5. Ne2 Qb6 $1 {[%csl Ge4][%cal Rb6f2] [#]} 6. d4 $1 {B11: Caro-Kann: Two Knights Variation.} e6 $1 7. Ng3 c5 8. Bd3 Nxg3 $1 9. fxg3 Nc6 10. O-O {[#] Threatens to win with Ng5. Active counter play!} h6 {Inhibits Ng5.} 11. c3 Bd7 {[#]} (11... cxd4 $11 12. cxd4 Bd7) 12. Kh1 $146 ({White should play} 12. dxc5 $1 $14 Bxc5+ 13. Kh1) ({Predecessor:} 12. Be3 Be7 13. Rf2 cxd4 14. cxd4 Rc8 15. Rc1 Rf8 16. a3 a5 17. Kh1 Kd8 18. Rfc2 {0-1 (47) Tejedor Fuente,E (2434)-Matlakov,M (2688) Chess.com INT 2021}) 12... cxd4 $11 13. cxd4 g5 (13... Nxd4 $2 14. Be3 $18) 14. h3 Be7 (14... Nxd4 $2 15. Be3 Bc5 16. b4 Qxb4 17. Rb1 $18) 15. a3 Na5 {[%cal Og5g4,Bc6a5,Ba5c4,Bc4e3][%mdl 32]} (15... Nxd4 $2 16. Be3 $18) 16. b4 Nc4 17. Qe2 Rg8 18. g4 a5 19. Be3 (19. Bxc4 dxc4 20. Be3 Qc6 $11) 19... Rc8 (19... axb4 20. Bxc4 (20. axb4 Rxa1 21. Rxa1 Nxe3 $11) 20... dxc4 21. d5 $16) (19... Nxe3 $11 20. Qxe3 axb4) 20. Rfc1 (20. Bg1 $14) 20... Nxe3 21. Rxc8+ Bxc8 22. Qxe3 axb4 23. Rb1 Kf8 ({But not} 23... b3 24. Bf1 $14 (24. Bh7 Rh8 $14)) 24. axb4 Kg7 25. b5 (25. h4 $5) 25... Bd7 26. Bc2 (26. h4 $5) 26... Qc7 27. Qd3 Rh8 28. Nd2 {[%cal Bf3d2,Bd2f1,Bf1g3,Bg3h5,Bh5f6][%mdl 32]} b6 29. Nf1 Qc4 30. Ng3 Qxd3 31. Nh5+ Kf8 32. Bxd3 {And now Ra1 would win.} Ke8 33. Ra1 {Ra8+ is the strong threat.} Kd8 34. Ra7 Bb4 {The position is equal.} 35. Nf6 Bc8 36. Kg1 ({Reject} 36. Rxf7 Bc3 37. Nh7 Bxd4 $17) 36... Bc3 {Weighted Error Value: White=0.14 (very precise) /Black=0.11 (very precise)} *

[Event "Marienbad GM-I 2022"]
[Site "Marianske Lazne"]
[Date "2022.01.16"]
[Round "2.1"]
[White "Noe, Christopher"]
[Black "Lim, Zhuo Ren"]
[Result "1/2-1/2"]
[WhiteElo "2529"]
[BlackElo "2311"]
[Annotator "TA"]
[PlyCount "76"]
[EventDate "2022.01.15"]
[EventType "tourn"]
[EventCountry "CZE"]
[SourceTitle "playchess.com"]
[Source "ChessBase"]
[SourceQuality "1"]

{[%evp 9,76,-12,0,-4,6,14,0,10,4,0,1,4,3,0,14,-6,0,-7,0,0,6,7,6,0,9,8,15,0,0,0,0,0,0,-36,-31,-36,-47,-43,-44,-173,-15,-13,0,0,0,0,0,0,0,-41,-30,-35,-43,-41,-38,-39,0,0,0,0,0,0,0,0,0,0,0,0,0]} 1. d4 Nf6 2. c4 e6 3. Nf3 d5 4. Nbd2 c5 5. cxd5 exd5 6. g3 {D30: Queen's Gambit Declined: Systems without Nc3.} Nc6 7. Bg2 cxd4 {[%cal Od4d3]} 8. O-O Bc5 9. Nb3 {[%csl LRc5,LRd4]} Bb6 10. Nfxd4 O-O {[#]} 11. Be3 $146 {[%cal Bc1e3,Be3d4,Bd4c3][%mdl 32]} ({Predecessor:} 11. Bf4 Bg4 12. h3 Bh5 13. g4 Bg6 14. Rc1 Rc8 15. Nb5 Ne4 16. e3 {0-1 (42) Crevatin,L (2224)-Kucuksari,K (2296) Ronneby 2018}) 11... Re8 12. Nxc6 bxc6 13. Bd4 Ba6 14. Re1 Rb8 15. e3 Bc4 16. Bc3 Bxb3 17. axb3 Ne4 18. Bxe4 Rxe4 19. b4 Qg5 20. Qf3 h5 {[%cal Bh7h5,Bh5h4][%mdl 32]} 21. Rac1 Rbe8 {[%cal Re4e3]} 22. Kg2 h4 23. Rcd1 R8e6 24. Rg1 ({White should try} 24. Kf1 $15) 24... Rg6 $2 (24... h3+ $1 $19 25. Kh1 d4 26. Bxd4 Bxd4 27. Rxd4 Rxd4 28. exd4 Rf6) 25. Kh1 $11 Bc7 26. gxh4 $1 Qxh4 {[%csl Gc7][%cal Rh4h2] [#]} 27. h3 {[%cal Ob4b5]} Ree6 28. b5 cxb5 29. Rxg6 (29. Rd4 $11 Rxg1+ 30. Kxg1) 29... Rxg6 $15 30. Rxd5 Qc4 {[%cal Rc4f1] [#]} 31. Rd1 {Prevents Qf1+.} b4 32. Bd4 a5 (32... Bb8 $5 {[%cal Rc4c7]} 33. Qb7 Bd6 $11) 33. Rg1 $1 {The position is equal.} Qe6 34. Rxg6 Qxg6 35. Qb7 {To avoid Bb6} Qb1+ 36. Kg2 Qg6+ 37. Kh1 Qb1+ 38. Kg2 Qg6+ {Weighted Error Value: White=0.12 (very precise) /Black=0.14 (very precise)} 1/2-1/2

[Event "Marienbad GM-I 2022"]
[Site "Marianske Lazne"]
[Date "2022.01.16"]
[Round "2.2"]
[White "Plat, Vojtech"]
[Black "Gungl, Theo"]
[Result "1-0"]
[WhiteElo "2546"]
[BlackElo "2368"]
[Annotator "TA"]
[PlyCount "143"]
[EventDate "2022.01.15"]
[EventType "tourn"]
[EventCountry "CZE"]
[SourceTitle "playchess.com"]
[Source "ChessBase"]
[SourceQuality "1"]

{[%evp 13,143,10,16,8,8,14,12,12,18,18,16,4,41,13,14,0,21,19,46,68,37,14,11,0,0,0,0,0,16,0,0,-27,-10,-16,0,0,0,0,0,0,0,0,0,-7,0,0,0,0,0,0,54,50,65,61,70,61,74,63,85,83,94,77,100,104,112,20,124,23,70,0,11,0,106,81,129,129,136,122,146,91,179,156,175,85,94,82,104,58,58,0,0,0,0,0,0,0,152,0,0,0,126,126,126,126,126,126,126,126,128,126,126,8,8,8,8,8,8,8,6706,29960,9083,2136,1393,843,29980,29981,29981,29982,29982,29983,29983,29984]} 1. d4 d5 2. c4 c6 3. Nc3 Nf6 4. cxd5 cxd5 5. Bf4 Nc6 6. e3 Bf5 7. Qb3 Na5 $1 8. Qa4+ {D10: Slav Defence: 3 cxd5 (without early Nf3) and 3 Nc3.} Bd7 9. Qc2 Rc8 10. Bd3 {The position is equal.} e6 11. Nf3 Be7 {11...Bb4 deserves study.} 12. Ne5 b5 {[#]} 13. Nxd7 $146 (13. Qe2 {feels hotter.} Nc4 14. a3 O-O 15. O-O Be8 16. Rfc1) ({Predecessor:} 13. Qe2 a6 14. O-O O-O 15. Rac1 Be8 16. Bg5 Nc4 17. f4 Nd6 18. Bxf6 Bxf6 19. a4 bxa4 20. Bxa6 {½-½ (27) Naumkin,I (2370)-Buturin,V (2350) Moscow 1985}) 13... Qxd7 14. Qe2 Nc4 15. O-O a6 16. a4 b4 17. Nb1 {next b3 is good for White.} O-O $1 18. b3 Na5 19. Nd2 ({Much worse is} 19. Bxa6 Nxb3 20. Nd2 Rc2 21. Nxb3 Rxe2 22. Bxe2 Ne4 $17) 19... Rc3 20. Rfb1 Qa7 21. Be5 Ra8 22. Rb2 Qb6 (22... Nc6 $5 {[%cal Rc6e5]}) 23. Rd1 Nb7 24. Nb1 Rc6 25. Rc2 Rac8 26. Rxc6 Rxc6 27. Nd2 Nd6 28. f3 Nd7 29. Bg3 a5 30. Bf2 Qc7 31. e4 {Black must now prevent exd5.} Nb6 ({Black should try} 31... Bg5 $11) 32. e5 $14 Ndc8 33. f4 Rc1 34. g4 Nd7 35. Kg2 Nf8 36. Nf3 Na7 37. f5 Rxd1 38. Qxd1 Qc3 39. Be1 (39. Qb1 $16) 39... Qc8 (39... Qb2+ $11 40. Bf2 Bd8) 40. Bb1 {White is more active.} (40. Qd2 $16) 40... Bd8 (40... exf5 $1 $11 41. gxf5 (41. Bxf5 Ne6 $14) 41... g6) 41. Ng1 (41. Qd2 $14) 41... Nc6 $11 {[%cal Oc6d4]} 42. Ne2 Qa6 (42... exf5 $11 {remains equal.} 43. gxf5 g6) 43. Bf2 $16 Qb6 (43... Qb7 $142) 44. Qd3 Qb7 45. h4 Qb6 46. Nf4 (46. Qe3 $142) 46... Ne7 (46... Qa7 $16) 47. Qf3 Qc6 {[#]} 48. h5 (48. Ne2 $1 $18 {and White stays clearly on top.}) 48... Qc1 49. Bd3 Nc6 50. fxe6 (50. Ne2 $16 Qd1 51. Bb5) 50... Nxe6 $14 51. Nxd5 (51. Ne2 $1 $14 Qd1 52. Bb5) 51... Qd2 $11 52. Qe4 $40 {[%mdl 128] White has some attack. Dancing on a razor blade.} g6 53. Nf6+ Bxf6 54. exf6 {Threatens to win with d5.} ({But not} 54. Qxc6 Bg5 55. Bf1 Nf4+ 56. Kg1 Qd1 57. hxg6 hxg6 58. Qa8+ Kg7 $17) 54... Ncxd4 {[#]} (54... Qxd3 $1 $11 55. Qxc6 Qxb3) 55. Qa8+ $2 ({White has to play} 55. Bc4 $1 $16 {Hoping for Qa8+.} Nf4+ 56. Kg3) 55... Nf8 {Pair of Knights!} 56. Bc4 Qf4 {[#]} (56... Qd1 $1 $11 57. Qe4 Nde6) 57. Bxf7+ $1 $16 {[%mdl 512]} Kxf7 58. Qa7+ Kxf6 59. Qxd4+ Qxd4 60. Bxd4+ {[%mdl 4096] Endgame KB-KN} Kg5 61. Bb6 gxh5 62. gxh5 ({White should play} 62. Bxa5 $16 Ne6 63. Bxb4 (63. gxh5 Nc5 $18)) 62... Nd7 $1 $11 63. Bxa5 Nc5 64. Bxb4 Nxb3 65. Kf3 Nd4+ $2 {[%mdl 8192] Loses the game.} (65... Kxh5 $11 66. Kf4 Kg6) 66. Ke4 $18 Nc6 67. Bd2+ (67. Bc3 $142 Nb8 68. Kd5) 67... Kxh5 68. Kd5 Na7 69. Be3 {White mates.} Nc8 70. Bc5 Kg4 71. Kc6 h5 72. Kb7 {Weighted Error Value: White=0.22 (precise) /Black=0.28 (precise)} 1-0

[Event "Marienbad GM-I 2022"]
[Site "Marianske Lazne"]
[Date "2022.01.16"]
[Round "2.3"]
[White "Nemec, Jachym"]
[Black "Czerw, Dawid"]
[Result "0-1"]
[WhiteElo "2402"]
[BlackElo "2396"]
[Annotator "TA"]
[PlyCount "92"]
[EventDate "2022.01.15"]
[EventType "tourn"]
[EventCountry "CZE"]
[SourceTitle "playchess.com"]
[Source "ChessBase"]
[SourceQuality "1"]

{[%evp 9,92,29,34,12,5,-29,-57,-52,-42,-63,-19,-10,-14,-14,-21,-16,-18,-21,-20,-36,-6,-29,-10,-72,-47,-88,-57,-66,-66,-57,-5,-5,-18,0,0,-12,-14,-41,-42,-66,-18,-14,-21,-24,-22,-31,-12,-89,-100,-127,0,-18,-18,-18,-10,-37,-26,-27,-22,-33,-38,-80,-57,-63,-38,-55,-57,-84,-54,-54,-54,-61,-59,-216,-213,-208,-118,-206,-192,-526,-525,-29995,-29996,-29996,-29997]} 1. d4 Nf6 2. c4 {[%cal Bc2c4,Bc4b5,Bb5a6][%mdl 32]} c5 3. d5 b5 4. cxb5 a6 5. bxa6 e6 6. dxe6 {A58: Benko/Volga Gambit: Lines with 5 bxa6.} fxe6 7. e4 Nxe4 8. Bd3 {Black is slightly better.} Nf6 {[#]} 9. Nf3 $146 ({Predecessor:} 9. Nh3 Nxa6 10. O-O Be7 11. Nc3 O-O 12. Bg5 Nb4 13. Bb1 d5 14. Re1 Bd7 15. Nf4 {0-1 (35) Taylor,S (2230)-Nikolayev,I (2356) Rochester 2001}) 9... Bxa6 (9... Nxa6 $15 10. Nc3 Nb4) 10. O-O Be7 11. Re1 O-O 12. Nc3 Nc6 13. Bxa6 Rxa6 14. Bg5 h6 (14... Qb6 $5 {[%cal Rb6b2]}) 15. Bh4 Nh5 16. Bxe7 (16. Bg3 $11 {keeps the balance.}) 16... Qxe7 $17 17. Qd3 (17. Re3 $15 {deserves consideration.}) 17... Ra7 18. Rad1 Nf4 19. Qd6 Qf7 (19... Qxd6 $15 20. Rxd6 Nh3+ $1 21. gxh3 Rxf3) 20. Re3 $1 $11 c4 21. Rd2 ({Don't blunder} 21. Ne5 $2 Nh3+ $1 {[%mdl 512]} 22. gxh3 (22. Rxh3 $2 {gets mated.} Qxf2+ 23. Kh1 Qf1+ 24. Rxf1 Rxf1#) 22... Qxf2+ 23. Kh1 Qxe3 $19) 21... Rb7 22. Ne1 Qe7 23. Ne4 {[%cal Bc3e4,Be4d6,Bd6c4][%mdl 32]} Nd5 {To avoid Rc3} 24. Ree2 Qxd6 {Black is more active.} (24... Ra7 $15) 25. Nxd6 Ra7 26. Nxc4 Rxa2 27. g3 Rb8 (27... Ra4 $5 {[%cal Ra4c4]} 28. Nd6 Na5 $15) 28. Nc2 (28. Nf3 $11 {remains equal.}) 28... Ra4 $17 29. N2a3 Na5 (29... Rbb4 $17 30. Ne5 Nd4 31. Nxd7 Nf3+ 32. Kf1 Nxd2+ 33. Rxd2 Rd4 34. Rxd4 Rxd4) 30. Nxa5 Rxa5 31. Nc4 Ra4 32. Ne3 (32. Ne5 $5 {[%cal Re5d7]}) 32... Nxe3 33. Rxe3 $15 {[%mdl 4096] Endgame KRR-KRR} Rb7 34. Red3 d5 35. f4 (35. Rc2 $15) 35... g6 36. Rc3 Rab4 37. Rcc2 Kf7 38. Kg2 Kf6 39. Re2 R7b6 40. Kf3 g5 41. Rcd2 $2 ({White should try} 41. h4 $1 $15) 41... gxf4 42. gxf4 Rc4 (42... Rb3+ $19 43. Kg4 R6b4) 43. Kg4 (43. Re3 $17) 43... Rb3 {[%cal Oh6h5] Strongly threatening ...h5+!} 44. Rf2 $2 (44. h4 {is more resistant.}) 44... h5+ $19 45. Kxh5 {[#]} Kf5 $1 {[%cal Rb3h3]} 46. Kh6 Rc7 {Weighted Error Value: White=0.47/Black=0.14 (very precise)} 0-1

[Event "Marienbad GM-I 2022"]
[Site "Marianske Lazne"]
[Date "2022.01.16"]
[Round "2.4"]
[White "Mirzoev, Azer"]
[Black "Simacek, Pavel"]
[Result "1/2-1/2"]
[WhiteElo "2420"]
[BlackElo "2448"]
[Annotator "TA"]
[PlyCount "37"]
[EventDate "2022.01.15"]
[EventType "tourn"]
[EventCountry "CZE"]
[SourceTitle "playchess.com"]
[Source "ChessBase"]
[SourceQuality "1"]

{[%evp 20,22,25,21,33]} 1. Nf3 Nf6 2. c4 c5 3. g3 g6 4. b3 Bg7 5. Bb2 Nc6 6. Bg2 d6 7. O-O O-O 8. Nc3 Bg4 9. h3 Bd7 10. d4 cxd4 11. Nxd4 Rc8 {[#] A rather calm draw. A38: Symmetrical English vs ...g6: 4 Bg2 Bg7 5 Nf3 Nf6.} {Predecessor:} 12. e3 $146 a6 13. a4 Rb8 14. Qd2 Nxd4 15. exd4 b5 16. axb5 axb5 17. c5 b4 18. Na2 dxc5 19. dxc5 {0-1 (34) Ghimpu,S (2431)-Chan,K (2303) Chess.com INT 2021} 1/2-1/2

[Event "Marienbad GM-I 2022"]
[Site "Marianske Lazne"]
[Date "2022.01.16"]
[Round "2.5"]
[White "Stalmach, Richard"]
[Black "Baenziger, Fabian"]
[Result "0-1"]
[WhiteElo "2301"]
[BlackElo "2409"]
[Annotator "TA"]
[PlyCount "64"]
[EventDate "2022.01.15"]
[EventType "tourn"]
[EventCountry "CZE"]
[SourceTitle "playchess.com"]
[Source "ChessBase"]
[SourceQuality "1"]

{[%evp 16,64,2,0,-25,-45,-14,-22,11,0,-5,-16,-19,-19,-15,-52,-49,-31,0,0,0,0,0,0,0,-2,7,0,4,0,12,-93,24,24,25,10,11,9,9,-14,-16,-11,0,0,14,24,12,0,0,-848,-436]} 1. d4 d5 2. Nf3 Nf6 3. c4 c6 4. Nc3 e6 5. Bg5 {[%cal Bc1g5,Bg5h4,Bh4g3,Bg3e5][%mdl 32]} h6 6. Bh4 dxc4 7. e4 g5 8. Bg3 b5 9. h4 g4 {D43: Semi-Slav: 5 Bg5 h6.} 10. Ne5 Nbd7 11. Be2 Bb7 {The position is equal.} 12. Nxd7 Qxd7 13. Be5 Qe7 14. b3 Rg8 15. Qc2 Nd7 {aiming for ...cxb3.} 16. Bg3 e5 (16... b4 $5 {[%cal Rb4c3]} 17. Nd1 c5 $15) 17. d5 cxd5 18. Nxd5 Qc5 {[%cal Of7f5]} 19. bxc4 f5 20. Rb1 a6 21. h5 $1 Rc8 22. Bh4 f4 {[#]} 23. a4 $146 {[#]} (23. O-O $11) ({Predecessor:} 23. O-O f3 24. Bd3 g3 25. Kh1 fxg2+ 26. Kxg2 gxf2+ 27. Kh1 bxc4 28. Rxb7 cxd3 29. Qxd3 {½-½ (41) Delizia,C (2501)-Babic,D (2485) ICCF email 2019}) 23... Ba8 (23... f3 $1 $17 {[%cal Rf3e2]} 24. gxf3 gxf3) 24. axb5 $11 axb5 25. Qd1 ({Avoid the trap} 25. Rxb5 $2 {[#]} Qxb5 $3 {[%mdl 512]} 26. O-O Qc5 $19) 25... f3 $1 26. gxf3 gxf3 27. Bxf3 Qxc4 {White must now prevent ...Bxd5.} 28. Qe2 Bxd5 29. exd5 Bb4+ 30. Kf1 $1 Be7 31. Be4 Bxh4 {Chess con chili.} 32. Rxh4 {[%mdl 8192] [#]} (32. Qxc4 $11 bxc4 33. Rxh4) 32... Rg1+ $1 {[%mdl 512] Weighted Error Value: White=0.40/Black=0.11 (very precise)} 0-1

[Event "Marienbad GM-I 2022"]
[Site "Marianske Lazne"]
[Date "2022.01.17"]
[Round "3.1"]
[White "Baenziger, Fabian"]
[Black "Noe, Christopher"]
[Result "1/2-1/2"]
[WhiteElo "2409"]
[BlackElo "2529"]
[Annotator "TA"]
[PlyCount "53"]
[EventDate "2022.01.15"]
[EventType "tourn"]
[EventCountry "CZE"]
[SourceTitle "playchess.com"]
[Source "ChessBase"]
[SourceQuality "1"]

{[%evp 17,53,0,0,0,7,8,11,12,44,58,48,25,18,0,0,0,0,0,0,0,0,0,0,0,0,0,0,0,0,0,0,0,0,0,0,0,0,0]} 1. d4 Nf6 2. c4 e6 3. Nc3 Bb4 4. e3 O-O 5. Bd3 c5 6. Nf3 d5 7. O-O cxd4 8. exd4 dxc4 9. Bxc4 b6 10. Qa4 {E54: Nimzo-Indian: Rubinstein: Main Line: 7...dxc4 8 Bxc4.} Be7 {[#]} 11. Rd1 $146 ({Predecessor:} 11. Be3 Bb7 12. Ne5 a6 13. Qb3 b5 14. Nxf7 Rxf7 15. Bxe6 Qe8 16. Rfe1 Bc8 17. Bxf7+ Qxf7 {1-0 (44) Van Foreest,J (2682)-Huschenbeth,N (2612) Linares 2020}) 11... Bd7 12. Qc2 Bc6 {Prevents d5.} 13. Ne5 Bb7 14. Bg5 Nc6 15. Nxc6 {The position is equal.} Bxc6 16. Bxf6 Bxf6 17. d5 exd5 18. Nxd5 Rc8 {[#] Hoping for ...Bxd5.} 19. Qb3 Bxd5 20. Bxd5 Qc7 21. Rd2 Qf4 22. Rad1 Rc1 23. Rxc1 Qxd2 24. Rd1 Qe2 {[%cal Of6d4]} 25. Bc4 Qe7 26. Qb5 Rd8 27. Rxd8+ {Weighted Error Value: White=0.02 (flawless) /Black=0.02 (flawless)} 1/2-1/2